| 000 | 01089cam a2200289 a 4500 | ||
|---|---|---|---|
| 001 | 30818 | ||
| 003 | BD-RjUL | ||
| 005 | 20211209051623.0 | ||
| 008 | 140412r19521928us b 001 0 eng d | ||
| 035 | _a(BD-RjUL)30905 | ||
| 040 |
_aNCLN _beng _cNCLN _dBD-RjUL |
||
| 041 | 0 | _aenggrc | |
| 082 | 0 | 4 |
_a188 _bEPD V-2 1952 |
| 100 | 0 |
_aEpictetus. _960084 |
|
| 245 | 1 | 4 |
_aEpictetus : _bThe discourses as reported by Arrian, the manual and fragments / _cEpictetus ; with an English translation by W.A. Oldfather. |
| 260 |
_aCambridge, Mass. : _bHarvard University Press ; _aLondon : _bWilliam Heinemann, _c1928.[Reprinted 1952]. |
||
| 300 |
_a2v. ; _c17 cm. |
||
| 500 | _aGreek and English text on opposite pages. | ||
| 505 | 0 | _av. 1. Discourses I-II.- v. 2. Discourses III-IV, The manual, and fragments; Index. | |
| 650 | 7 |
_a Greek literature. _993617 |
|
| 650 | 7 |
_aPhilosophy, Ancient. _93836 |
|
| 700 | 0 |
_aArrian. _974060 |
|
| 700 | 0 |
_aOldfather _hW. A. _q(William Abbott), _d1880-1945. _993592 |
|
| 942 |
_2ddc _cBK |
||
| 999 |
_c30818 _d30818 |
||